000 00683nam a22001815i 4500
001 166933
003 ES-MaACL
005 20250915063102.0
008 030123s1867 sp |||| | spa d
040 _aCCPB | B
_bspa
_cCCPB | B
100 _aValle y Serrano, Antonio María del,
_dm. 1900
_9224464
245 1 3 _aEl preso de Castelnovo
_b: leyenda histórico-tradicional /
_cpor Antonio María del Valle y Serrano.
260 _aMadrid :
_b[s.n.],
_c1867 (
_festablecimiento tipografico de R. Vicente)
300 _a22 p. ;
_c24 cm.
752 _aEspaña -
_dMadrid
852 _aES-MaACL
_jG-9085
_z-- Enc. tela
_z-- Enc. en un vol. facticio
999 _c166933
_d166933